Guess the 1970s song lyrics #207 - Statistics

General Stats
  • This quiz has been taken 60 times
  • The average score is 293 of 396
Answer Stats
Answer % Correct
I
100%
a
98%
Lo
96%
the
96%
you
90%
in
88%
me
88%
and
86%
And
86%
her
86%
so
84%
to
84%
we
84%
when
84%
She
82%
she
82%
be
80%
it
80%
like
80%
man
80%
Lola
78%
L-O-L-A
78%
my
76%
on
76%
Where
76%
met
73%
for
71%
just
67%
But
65%
but
65%
I'm
65%
said
65%
what
65%
woman
65%
all
63%
at
63%
club
63%
Cola
63%
C-O-L-A
63%
cola
63%
dance
63%
drink
63%
not
63%
up
63%
is
61%
kissed
61%
looked
61%
night
59%
Well
59%
well
59%
Why
59%
am
57%
asked
57%
boy
57%
Coca
57%
down
57%
guy
57%
Oh
57%
Soho
57%
walked
57%
want
57%
world
57%
eyes
55%
make
55%
most
55%
tastes
55%
that
55%
took
55%
by
53%
can't
53%
champagne
53%
name
53%
will
53%
hand
51%
It's
51%
know
51%
passionate
51%
way
51%
danced
49%
drank
49%
got
49%
Under
49%
world's
49%
always
47%
ever
47%
fell
47%
voice
47%
with
47%
knee
45%
never
45%
old
45%
that's
45%
boys
43%
Girls
43%
girls
43%
gonna
43%
talks
43%
before
41%
I'd
41%
knees
41%
walks
41%
broke
39%
candlelight
39%
come
39%
dark
39%
floor
39%
home
39%
nearly
39%
physical
39%
spine
39%
understand
39%
left
37%
stay
37%
tight
37%
away
35%
dumb
35%
Little
35%
won't
35%
almost
33%
door
33%
electric
33%
mixed
33%
pushed
33%
shook
33%
Except
31%
picked
31%
smiled
31%
squeezed
31%
week
31%
brown
29%
sat
29%
glad
20%
muddled
18%
masculine
12%
No matching quizzes found
Score Distribution
Percent of People with Each Score
Percentile by Number Answered
Your Score History
You have not taken this quiz